Statistics for Geography Generator Puzzle #5

Click here to take the quiz!

General Stats

  • This quiz has been taken 12,965 times
    (12,961 since last reset)
  • The average score is 12 of 21

Answer Stats

HintAnswer% Correct
Swiss capitalBern
92%
___ de TriompheArc
88%
Vast body of waterOcean
86%
Venetian waterwayCanal
85%
Earth's centreCore
82%
Colourful Barrier Reef sightCoral
76%
Type of farm buildingBarn
74%
Middle-Eastern nativeArab
69%
Congo river; deadly virusEbola
63%
Nevada cityReno
59%
UK mountain, ___ NevisBen
56%
Hawaiian volcano, Mauna ___Loa
51%
Narrow streetLane
48%
Resident of VientianeLao
47%
San Francisco car?Cable
46%
Prophet at Delphi, GreeceOracle
43%
Navigational guiding lightBeacon
42%
Afghani caves, Tora ____Bora
42%
9-Letter LocationBARCELONA
40%
Algeria's 2nd biggest cityOran
20%
Of the Northern regionsBoreal
19%

Score Distribution

Percentile by Number Answered

Percent of People with Each Score

Your Score History

You have not taken this quiz since the last reset